[Event "Guillermo Garcia Memorial op 27th"]
[Site "Santa Clara"]
[Date "2018.05.26"]
[Round "5"]
[White "Venzant Batista, Marcia Camila"]
[Black "Friera Naranjo, Sergio Daniel"]
[Result "0-1"]
[WhiteElo "2027"]
[BlackElo "2159"]
[PlyCount "140"]
[EventDate "2018.05.22"]
[EventType "swiss"]
[EventRounds "9"]
[EventCountry "CUB"]
[SourceTitle "CBM 184 Extra"]
[Source "ChessBase"]
[SourceDate "2018.06.28"]
[SourceVersion "1"]
[SourceVersionDate "2018.06.28"]
[SourceQuality "1"]

1. e4 c5 2. Nf3 g6 3. d4 cxd4 4. Nxd4 Bg7 5. Nc3 Nc6 6. Be3 Nf6 7. Be2 d6 8. 0-0 0-0 9. h3 Bd7 10. Nb3 Rc8 11. f4 a6 12. Bf3 b5 13. a3 Qc7 14. Qe2 Be6 15. Nd2 Na5 16. Rfe1 Nd7 17. Qf2 Bxc3 18. bxc3 Qxc3 19. f5 Bc4 20. Bd4 Qxc2 21. Rec1 Qa4 22. Bd1 Bb3 23. Nxb3 Nxb3 24. Bb2 Rc4 25. Qe3 Ndc5 26. Qh6 Rd4 27. Kh2 Qa5 28. Bxb3 Qd2 29. Qxd2 Rxd2 30. Bc3 Nxb3 31. Bxd2 Nxd2 32. Rc7 Re8 33. fxg6 hxg6 34. Re1 Kg7 35. Ra7 Rc8 36. Rxa6 Rc5 37. Kg3 Re5 38. Ra5 Nxe4+ 39. Kh2 Kf6 40. a4 bxa4 41. Rxa4 d5 42. Ra6+ Kg5 43. Ra5 Rf5 44. Rxd5 Rxd5 45. Rxe4 e5 46. Kg3 Rd3+ 47. Kf2 Kf5 48. Ra4 Rd4 49. Ra7 f6 50. Ke3 Rb4 51. Ra3 Kg5 52. Ra5 Rb3+ 53. Ke4 Rb6 54. Ra4 Rd6 55. Ra8 Kh4 56. Rh8+ Kg3 57. Rg8 Rd4+ 58. Ke3 g5 59. Rg6 Rf4 60. Kd3 Kxg2 61. h4 g4 62. h5 g3 63. Ke3 f5 64. Rg5 Re4+ 65. Kd3 Rd4+ 66. Ke2 f4 67. Rf5 f3+ 68. Rxf3 Re4+ 69. Re3 Rxe3+ 70. Kxe3 Kf1 0-1

[Event "CUB-ch U18"]
[Site "Camaguey"]
[Date "2017.06.21"]
[Round "1.2"]
[White "Friera Naranjo, Sergio Daniel"]
[Black "Fernandez de La Vara, Arnaldo"]
[Result "0-1"]
[WhiteElo "2217"]
[BlackElo "2414"]
[PlyCount "72"]
[EventDate "2017.06.21"]
[EventType "swiss"]
[EventRounds "9"]
[EventCountry "CUB"]
[SourceTitle "EXT 2023"]
[Source "ChessBase"]
[SourceDate "2022.10.05"]
[SourceVersion "1"]
[SourceVersionDate "2022.10.05"]
[SourceQuality "1"]

1. Nf3 Nf6 2. g3 b6 3. Bg2 Bb7 4. 0-0 d5 5. d4 e6 6. c4 dxc4 7. Qa4+ Nbd7 8. Bg5 a6 9. Qxc4 c5 10. dxc5 Bxc5 11. b4 Be7 12. Nc3 Rc8 13. Qd4 h6 14. Be3 b5 15. a3 Rc4 16. Qd3 Qc7 17. Rac1 0-0 18. Bf4 Qc8 19. Nd2 Bxg2 20. Kxg2 Rc6 21. Nde4 Rd8 22. Qb1 Rc4 23. Rfd1 Qc6 24. f3 Rc8 25. h4 Nh5 26. Bd6 f5 27. Bxe7 fxe4 28. Rd6 Qc7 29. Rcd1 Rxc3 30. Qxe4 Nf8 31. Bxf8 Rxf8 32. Qxe6+ Kh8 33. Qg6 Nf6 34. g4 Qc4 35. R1d2 Qf4 36. g5 Ng4 0-1

[Event "Guillermo Garcia Memorial op 26th"]
[Site "Santa Clara"]
[Date "2017.05.25"]
[Round "9"]
[White "Roll Renford, Evelio Amaurys"]
[Black "Friera Naranjo, Sergio Daniel"]
[Result "1/2-1/2"]
[WhiteElo "2143"]
[BlackElo "2205"]
[PlyCount "63"]
[EventDate "2017.05.16"]
[EventType "swiss"]
[EventRounds "9"]
[EventCountry "CUB"]
[SourceTitle "CBM 178 Extra"]
[Source "ChessBase"]
[SourceDate "2017.06.22"]
[SourceVersion "1"]
[SourceVersionDate "2017.06.22"]
[SourceQuality "1"]

1. e4 c5 2. Nc3 g6 3. f4 Bg7 4. Nf3 Nc6 5. Bc4 e6 6. 0-0 Nge7 7. Qe1 0-0 8. d3 d5 9. Bb3 Nd4 10. Nxd4 cxd4 11. Ne2 dxe4 12. dxe4 b5 13. Ng3 Nc6 14. Bd2 a5 15. a3 d3 16. c3 Rb8 17. e5 b4 18. axb4 axb4 19. Ba4 bxc3 20. Bxc3 Ba6 21. Rf2 Qb6 22. Bxc6 Qxc6 23. Ne4 Rfd8 24. Rd2 Bb7 25. Nd6 Ra8 26. Rxa8 Bxa8 27. Qg3 Qb6+ 28. Qf2 Qa6 29. Qf1 Qa7+ 30. Qf2 Qa6 31. Qf1 Qa7+ 32. Qf2 1/2-1/2

[Event "Guillermo Garcia Memorial op 26th"]
[Site "Santa Clara"]
[Date "2017.05.22"]
[Round "7"]
[White "Friera Naranjo, Sergio Daniel"]
[Black "Gonzalez Garay, Carlos"]
[Result "1-0"]
[WhiteElo "2205"]
[BlackElo "1950"]
[PlyCount "67"]
[EventDate "2017.05.16"]
[EventType "swiss"]
[EventRounds "9"]
[EventCountry "CUB"]
[SourceTitle "CBM 178 Extra"]
[Source "ChessBase"]
[SourceDate "2017.06.22"]
[SourceVersion "1"]
[SourceVersionDate "2017.06.22"]
[SourceQuality "1"]

1. e4 c5 2. b3 e6 3. Bb2 Nf6 4. e5 Nd5 5. Nf3 Nc6 6. g3 Be7 7. Bg2 0-0 8. 0-0 a6 9. c4 Nc7 10. Nc3 f5 11. Na4 Rb8 12. d4 cxd4 13. Nxd4 Nxd4 14. Qxd4 Na8 15. Rfd1 Qc7 16. Rac1 Rd8 17. c5 Rf8 18. b4 Rf7 19. Ba3 Bf8 20. Rd2 g5 21. f4 Bh6 22. Rd3 gxf4 23. gxf4 Qd8 24. Rh3 Bf8 25. Rcc3 Nc7 26. Rcg3+ Kh8 27. Nb6 Nb5 28. Qd1 d5 29. Qh5 Qe7 30. Qg6 Rg7 31. Rxh7+ Kg8 32. Qh5 Rg4 33. Rh8+ Kg7 34. Qh7# 1-0

[Event "Guillermo Garcia Memorial op 26th"]
[Site "Santa Clara"]
[Date "2017.05.20"]
[Round "5"]
[White "Friera Naranjo, Sergio Daniel"]
[Black "Rodriguez Turino, Ladislao"]
[Result "0-1"]
[WhiteElo "2205"]
[BlackElo "2299"]
[PlyCount "126"]
[EventDate "2017.05.16"]
[EventType "swiss"]
[EventRounds "9"]
[EventCountry "CUB"]
[SourceTitle "CBM 178 Extra"]
[Source "ChessBase"]
[SourceDate "2017.06.22"]
[SourceVersion "1"]
[SourceVersionDate "2017.06.22"]
[SourceQuality "1"]

1. Nf3 Nf6 2. g3 b6 3. Bg2 Bb7 4. 0-0 g6 5. c4 Bg7 6. Nc3 c5 7. d4 cxd4 8. Qxd4 d6 9. Qh4 h6 10. Qd4 Nbd7 11. b3 Rc8 12. Bb2 0-0 13. Qd2 Rc5 14. Nd4 Bxg2 15. Kxg2 Qa8+ 16. f3 Rcc8 17. e4 a6 18. Nd5 Rfe8 19. Nxf6+ Nxf6 20. a4 Qb7 21. Rfe1 Nd7 22. Rec1 Kh7 23. b4 h5 24. Qd3 Rc7 25. Qb3 Ne5 26. Ne2 Qc8 27. Bxe5 Bxe5 28. Ra2 Qe6 29. Rac2 Rec8 30. Qd3 Qd7 31. f4 Bg7 32. Ra2 f5 33. a5 b5 34. exf5 gxf5 35. c5 e6 36. Rd1 Qc6+ 37. Kg1 dxc5 38. Rc2 c4 39. Qe3 Rd7 40. Rxd7 Qxd7 41. Rd2 Qe8 42. Nc3 Rd8 43. Rxd8 Qxd8 44. Ne2 Qd5 45. h3 Qe4 46. Qxe4 fxe4 47. Kf2 Bf8 48. Ke3 Bxb4 49. Kxe4 Kg7 50. g4 hxg4 51. hxg4 Bxa5 52. Kd4 Bc7 53. Kc5 Kf6 54. Kc6 Bd8 55. g5+ Kf7 56. Kb7 a5 57. Ka6 b4 58. Kb5 c3 59. Kc4 e5 60. fxe5 Bxg5 61. Nd4 Be7 62. Kb3 Bc5 63. Nc6 Bb6 0-1

[Event "Guillermo Garcia Memorial op 26th"]
[Site "Santa Clara"]
[Date "2017.05.18"]
[Round "3"]
[White "Leon Valdes, Jony Wilson"]
[Black "Friera Naranjo, Sergio Daniel"]
[Result "1-0"]
[WhiteElo "2374"]
[BlackElo "2205"]
[PlyCount "123"]
[EventDate "2017.05.16"]
[EventType "swiss"]
[EventRounds "9"]
[EventCountry "CUB"]
[SourceTitle "CBM 178 Extra"]
[Source "ChessBase"]
[SourceDate "2017.06.22"]
[SourceVersion "1"]
[SourceVersionDate "2017.06.22"]
[SourceQuality "1"]

1. d4 Nf6 2. c4 g6 3. f3 Bg7 4. e4 d6 5. Nc3 0-0 6. Be3 c5 7. d5 e6 8. Nge2 exd5 9. cxd5 a6 10. a4 Nbd7 11. Ng3 Ne5 12. Be2 Bd7 13. 0-0 b5 14. b3 Qa5 15. Qc2 b4 16. Nd1 h5 17. Nb2 h4 18. Nh1 h3 19. g4 c4 20. Nxc4 Nxc4 21. Bxc4 Bxg4 22. Qf2 Qd8 23. Rae1 Bd7 24. Qg3 Qc7 25. Nf2 Nh5 26. Qh4 f5 27. Nxh3 f4 28. Nxf4 Bf6 29. Qf2 Nxf4 30. Bxf4 Bh3 31. Qg3 Bxf1 32. Rxf1 Bd4+ 33. Kh1 Rxf4 34. Qxf4 Kg7 35. Qg4 Rh8 36. f4 Qe7 37. Bd3 Rh6 38. Qg3 a5 39. Re1 Qa7 40. Re2 Qc5 41. Bc4 Qc8 42. Qd3 Bc5 43. e5 Qg4 44. Rg2 Qxf4 45. e6 Qf6 46. Qf1 Rh3 47. Qxf6+ Kxf6 48. Rg4 g5 49. Kg2 Rh4 50. Rg3 Rf4 51. Rh3 Rh4 52. Rf3+ Rf4 53. Rxf4+ gxf4 54. Kf3 Bd4 55. h4 Be5 56. Bd3 Kg7 57. Ke4 Bf6 58. h5 Kh6 59. Be2 Kg5 60. Kd3 Kf5 61. Kc4 Ke5 62. h6 1-0

[Event "Guillermo Garcia Memorial op 26th"]
[Site "Santa Clara"]
[Date "2017.05.17"]
[Round "2"]
[White "Friera Naranjo, Sergio Daniel"]
[Black "De la Fe Almeida, Enmanuel Jesus"]
[Result "1/2-1/2"]
[WhiteElo "2205"]
[BlackElo "2289"]
[PlyCount "74"]
[EventDate "2017.05.16"]
[EventType "swiss"]
[EventRounds "9"]
[EventCountry "CUB"]
[SourceTitle "CBM 178 Extra"]
[Source "ChessBase"]
[SourceDate "2017.06.22"]
[SourceVersion "1"]
[SourceVersionDate "2017.06.22"]
[SourceQuality "1"]

1. Nf3 Nf6 2. g3 g6 3. Bg2 Bg7 4. 0-0 0-0 5. d4 d6 6. c4 Nc6 7. Nc3 a6 8. Qd3 e5 9. dxe5 dxe5 10. Qxd8 Rxd8 11. Bg5 Be6 12. Nd2 h6 13. Bxf6 Bxf6 14. Rfd1 Rac8 15. Nd5 Bg7 16. Ne4 Bf8 17. b3 f5 18. Nec3 Nb4 19. Nxb4 Bxb4 20. Nd5 Bf8 21. b4 e4 22. a3 Kf7 23. e3 Bg7 24. Rab1 Rd6 25. Bf1 Rcd8 26. Rdc1 c6 27. Nf4 Rd2 28. b5 Bb2 29. Re1 g5 30. Nxe6 Kxe6 31. bxa6 bxa6 32. Re2 Rxe2 33. Bxe2 Rd2 34. Bf1 f4 35. gxf4 gxf4 36. exf4 Kf5 37. Re1 Bc3 1/2-1/2